Départements en C - Statistiques

Statistiques générales
  • Ce quiz a été pris 90 fois
    88 depuis la dernière actualisation
  • Le résultat moyen est 9 sur 11
Statistiques - réponses
Région Département % Correct
Corse Haute-Corse
95%
Normandie Calvados
94%
Corse Corse-du-Sud
94%
Bretagne Côtes-d'Armor
87%
Centre-Val de Loire Cher
84%
Nouvelle-Aquitaine Charente
83%
Nouvelle-Aquitaine Charente-Maritime
83%
Auvergne-Rhône-Alpes Cantal
82%
Nouvelle-Aquitaine Corrèze
82%
Bourgogne-Franche-Comté Côte-d’Or
82%
Nouvelle-Aquitaine Creuse
79%
Aucun quiz correspondant
Distribution des résultats
% des personnes avec chaque résultat
Percentile par nombre de réponses
Votre historique - résultats
Vous n’avez pas pris ce quiz depuis la dernière actualisation